| 000 | 00342 a2200109 4500 | ||
|---|---|---|---|
| 001 | ART_11100 | ||
| 005 | 20260410161643.0 | ||
| 008 | 260409a | ||
| 245 | 1 | 0 | _aLa disposición de los fondos y bienes a favor de terceros |
| 100 | 1 | _aMoreno, Carolina | |
| 773 | 0 |
_tConsultor tributario _g- Año 6, Nº 71 (ene. 2013) _wREV474 |
|
| 999 |
_c13532 _d13532 |
||